| 000 | 00000nam 2200000zi 4500 |
| 001 | 9.930809 |
| 003 | CaOODSP |
| 005 | 20250616085909 |
| 006 | m o d f |
| 007 | cr ||||||||||| |
| 008 | 231124t20232023quc o f000 0 eng d |
| 020 | |a9780660690100 |
| 040 | |aCaOODSP|beng|erda|cCaOODSP |
| 043 | |an-cn--- |
| 086 | 1 |aEm4-23/1-2023E-PDF |
| 245 | 00|aService Canada client experience qualitative research 2022-23 : |bqualitative findings report. |
| 264 | 1|a[Gatineau, QC] : |bEmployment and Social Development Canada = Emploi et Développement social Canada, |c[2023] |
| 264 | 4|c©2023 |
| 300 | |a1 online resource (66 pages) + |eexecutive summary (6 pages) |
| 336 | |atext|btxt|2rdacontent |
| 337 | |acomputer|bc|2rdamedia |
| 338 | |aonline resource|bcr|2rdacarrier |
| 500 | |aIssued also in French under title: Recherche qualitative 2022-2023 portant sur l'expérience client de Service Canada : rapport des résultats qualitatifs. |
| 500 | |a"Registration Number: POR 006-23." |
| 500 | |a"Contract Number: # CW2303967 (G9292-23-3716)." |
| 500 | |a"Supplier: Ipsos Limited Partnership." |
| 610 | 10|aCanada. |bService Canada|xCustomer services|xPublic opinion. |
| 650 | 0|aPublic opinion|zCanada. |
| 710 | 1 |aCanada. |bEmployment and Social Development Canada, |eissuing body. |
| 710 | 2 |aIpsos (Firm), |econsultant. |
| 775 | 08|tRecherche qualitative 2022-2023 portant sur l'expérience client de Service Canada : |w(CaOODSP)9.930810 |
| 794 | |tService Canada's client experience research 2023-24 : |w(CaOODSP)9.946665 |
| 856 | 40|qPDF|s1.36 MB|uhttps://publications.gc.ca/collections/collection_2024/edsc-esdc/Em4-23-1-2023-eng.pdf|z(Report) |
| 856 | 40|qPDF|s292 KB|uhttps://publications.gc.ca/collections/collection_2024/edsc-esdc/Em4-23-1-2023-1-eng.pdf|z(Executive summary) |
| 856 | 4 |qHTML|sN/A|uhttps://epe.bac-lac.gc.ca/100/200/301/pwgsc-tpsgc/por-ef/employment_social_development_canada/2024/006-23-e/006-23_report_qual.htm|z(Report) |
| 856 | 4 |qHTML|sN/A|uhttps://epe.bac-lac.gc.ca/100/200/301/pwgsc-tpsgc/por-ef/employment_social_development_canada/2024/006-23-e/summary/006-23_summary_qual.htm|z(Executive summary) |